000
00240nam a2200097Ia 4500
001
644931
005
20250826153614.0
008
250824s9999 xx 000 0 und d
245
0
_a
Mektup Arkadaşı Aranıyor
_c
Hüsnan Şeker
260
_b
ALTIN
999
_c
644931
_d
644931